000 01794cam a22004814i 4500
003 PE-LiUPU
005 20250731184540.0
008 190708s1970 enka r 001 0 eng d
020 _a000435737X
020 _a9780004357379
035 _a(Sirsi) a252267
040 _aPE-LiUPU
_bspa
_cPE-LiUPU
_erda
049 _aPRUA
082 0 4 _a956.94
_bJ72
_220
100 1 _aJones, Dennis H.,
_eautor.
245 1 0 _aIsrael /
_cH. Dennis-Jones.
264 1 _aLondon :
_bCollins,
_c1970.
300 _a96 páginas :
_bilustraciones ;
_c17 centímetros
336 _atext
_2rdacontent
337 _aunmediated
_2rdamedia
338 _avolume
_2rdacarrier
504 _aÍndice: páginas 95-96.
505 0 _aIntroducing Israel -- Meet the Israelis -- History -- Kibbutzim and other land settlemens -- Art and architecture -- Nature reserves and national parks -- Museums -- Currency and rate of exchange -- How to get there -- If you are motoring -- Language -- Accommodation -- Food and drink -- Internal travel -- Sport and entertainment -- Festivals and public holidays -- General information -- Useful addresses -- Gazetteer.
526 _aP136
526 _aP135
526 _aP134
526 _aP133
526 _aP144
526 _aP143
526 _aP87
526 _aP35
526 _aP20
526 _aP14
526 _aP10
526 _aP06
650 0 4 _aIsrael.
910 _adbm
_bjpc
_cjpc
_d20190708
942 _2ddc
_cBOOK
994 _aC0
_bPEPRU
596 _a1
999 _a956.94 J72
_wDEWEY
_c31498
_i80230
_f2021-11-11
_g3
_lCCODEBUL1
_mBUL
_p8.00
_r0
_sY
_tBOOK
_u2019-7-8
_xTEOLOGIA
_PP35
_0COMPRA
_o.STAFF. Colección Teología
_d31498
980 _81
_gALBERTO SANCHEZ Responsable de Automatización